Mass spectral data.

Bibliographic Details
New Title:TRC spectral data. Mass
Corporate Author: American Petroleum Institute. Research Project 44
Format: Serial
Language:English
Published: College Station, Tex. : Thermodynamics Research Center, Texas A & M University.
Subjects:

MARC

Tag First Indicator Second Indicator Subfields
LEADER 00000cas a2200000 4500
001 in00000648421
005 20151015063538.0
008 780428d194u1984txuuu 0uuua0eng d
010 |z  54025439 r 
035 |a (OCoLC)03836742 
035 |9 ACW1201AM 
040 |a JNA  |c JNA  |d TXA  |d UtOrBLW 
049 |a [Ref] TXAE 
090 |a QC463.H9  |b A63 
110 2 |a American Petroleum Institute.  |b Research Project 44. 
245 1 0 |a Mass spectral data. 
246 1 3 |a Selected mass spectral data 
264 1 |a College Station, Tex. :  |b Thermodynamics Research Center, Texas A & M University. 
300 |a  volumes (loose-leaf) ;  |c 27 cm. 
336 |a text  |b txt  |2 rdacontent 
337 |a unmediated  |b n  |2 rdamedia 
338 |a volume  |b nc  |2 rdacarrier 
362 1 |a Issued 194 -1984. 
500 |a Kept up to date by supplements. 
500 |a Imprint varies. 
500 |a Issued in parts: Selected mass spectral data; (standard), (matrix) and (quadrapole). 
650 0 |a Hydrocarbons  |x Spectra. 
650 0 |a Mass spectrometry. 
785 0 0 |t TRC spectral data. Mass  |w (OCoLC)12690082 
999 |a MARS 
999 f f |s b593e1c3-2176-393e-9b2c-d7d67501264b  |i d3a14e20-2c05-39d4-843d-21ef8e2982a9  |t 0 
952 f f |p normal  |a Texas A&M University  |b College Station  |c Sterling C. Evans Library  |d Evans: Library Stacks  |t 0  |e QC463.H9 A63  |h Library of Congress classification  |i unmediated -- volume  |k v.1:Serial Nos. 1m to 250m  |m A14814128493 
952 f f |p normal  |a Texas A&M University  |b College Station  |c Sterling C. Evans Library  |d Evans: Library Stacks  |t 0  |e QC463.H9 A63  |h Library of Congress classification  |i unmediated -- volume  |k v.5:Serial Nos. 1576 to 1975  |m A14814128257 
952 f f |p normal  |a Texas A&M University  |b College Station  |c Sterling C. Evans Library  |d Evans: Library Stacks  |t 0  |e QC463.H9 A63  |h Library of Congress classification  |i unmediated -- volume  |k v.1:Serial Nos. 1 to 375  |m A14814128401 
952 f f |p normal  |a Texas A&M University  |b College Station  |c Sterling C. Evans Library  |d Evans: Library Stacks  |t 0  |e QC463.H9 A63  |h Library of Congress classification  |i unmediated -- volume  |k v.2:Serial Nos. 376 to 775  |m A14814128451 
952 f f |p normal  |a Texas A&M University  |b College Station  |c Sterling C. Evans Library  |d Evans: Library Stacks  |t 0  |e QC463.H9 A63  |h Library of Congress classification  |i unmediated -- volume  |k v.1:Serial Nos. 1 to 149  |m A14813976411 
952 f f |p normal  |a Texas A&M University  |b College Station  |c Sterling C. Evans Library  |d Evans: Library Stacks  |t 0  |e QC463.H9 A63  |h Library of Congress classification  |i unmediated -- volume  |k v.6:Serial Nos. 1976 to 2344  |m A14814128207 
952 f f |p normal  |a Texas A&M University  |b College Station  |c Sterling C. Evans Library  |d Evans: Library Stacks  |t 0  |e QC463.H9 A63  |h Library of Congress classification  |i unmediated -- volume  |k v.1:Serial Nos. 1 to  |m A14814128443 
952 f f |p normal  |a Texas A&M University  |b College Station  |c Sterling C. Evans Library  |d Evans: Library Stacks  |t 0  |e QC463.H9 A63  |h Library of Congress classification  |i unmediated -- volume  |k v.7:Serial Nos. 2345 to  |m A14814128150 
952 f f |p normal  |a Texas A&M University  |b College Station  |c Sterling C. Evans Library  |d Evans: Library Stacks  |t 0  |e QC463.H9 A63  |h Library of Congress classification  |i unmediated -- volume  |k v.3:Serial Nos. 776 to 1175  |m A14814128354 
952 f f |p normal  |a Texas A&M University  |b College Station  |c Sterling C. Evans Library  |d Evans: Library Stacks  |t 0  |e QC463.H9 A63  |h Library of Congress classification  |i unmediated -- volume  |k v.2:Serial Nos. 251m to Index  |m A14814128508 
952 f f |p normal  |a Texas A&M University  |b College Station  |c Sterling C. Evans Library  |d Evans: Library Stacks  |t 0  |e QC463.H9 A63  |h Library of Congress classification  |i unmediated -- volume  |k v.4:Serial Nos. 1176 to 1575  |m A14814128304 
952 f f |p normal  |a Texas A&M University  |b College Station  |c Sterling C. Evans Library  |d Evans: Library Stacks  |t 0  |e QC463.H9 A63  |h Library of Congress classification  |i unmediated -- volume  |k v.1:Matrix  |m A14813976526 
998 f f |a QC463.H9 A63  |t 0  |l Evans: Library Stacks